000 00523nam a22001817a 4500
005 20251108164207.0
008 250721s1996 xx 000 0 ara d
082 1 4 _a301,42/روا
100 1 _aالرواجبة، عايدة أحمد
245 1 0 _aكيف تختارين شريك حياتك /
264 1 _aعمان :
_bدار الأسراء للنشر والتوزيع،
_c1996.
300 _a96ص.
650 1 7 _aالزواج
650 1 7 _aالأسرة
650 1 7 _aالمرأة
942 _2ddc
_cBK
999 _c6004
_d6004